BIBLIOTHÈQUE DE LA MAISON DU MEXIQUE

Logo 1 Logo 2

Las diecinueve tragedias (notice nᵒ 11851)

détails MARC
000 -Sello discográfico
campo de control de longitud fija 00889nam a2200301 4500
005 - Identificación de versión
campo de control 20251016083848.0
035 ## - Otros números de control del sistema
Número de control del sistema 6899
099 ## - fechas locales
Tipo de ítem Koha LIBRO
100 ## - Datos de procesamiento general
Datos de procesamiento general 20040930d19661963m y1spay5003 ba
101 ## - Idioma del recurso
Idioma del texto, banda sonora, etc. Español; Castellano
Idioma de la obra original Griego, moderno (desde 1453)
105 ## - Campo de datos codificados: Material textual, monográfico
Datos codificados de monografía y 001by
200 1# - Título y mención de responsabilidad
Título propio Las diecinueve tragedias
Designación general del material texto impreso
Primer mención de responsabilidad Euripides
Declaración de responsabilidad subsiguiente versión e introducción Angel María Garibay K
205 ## - Declaración de edición
Declaración de edición 2a ed
210 ## - Publicación, distribución, etc.
Lugar de publicación, distribución, etc. México
Nombre del editor, distribuidor, etc. Editorial Porrúa
Fecha de publicación, distribución, etc. 1966
215 ## - Descripción física
Designación de material específico y extensión del ítem 532 p
Dimensiones 22 cm
345 ## - Nota de información de adquisición
Fuente de adquisición/dirección de la suscripción [OBSOLETO] Donación
410 #1 - Series
Título Colección "Sepan Cuantos ..."
Número de volumen 24
606 ## - Término temático usado como materia
Elemento de entrada Teatro griego
Número Koha 18500
700 ## - Nombre personal - Responsabilidad primaria
Elemento de entrada Euripides
Fechas 485 a.C-406 a.C
Número Koha 8964
702 ## - Nombre personal - Responsabilidad secundaria
Elemento de entrada Garibay Kintana
Parte del nombre distinta del elemento de entrada Angel María
Fechas 1892-1967
Número Koha 1933
801 #0 - Fuente de origen
Agencia cm
900 ## -
-- 1/8190
900 ## -
-- 7100419956\300904
942 ## - ELEMENTOS DE ENTRADA SECUNDARIOS (KOHA)
Tipo de ítem Koha Livre
996 ## -
-- MEX
-- 751145101
-- MMAG
-- 012323
-- 080 S479 V.24
-- 20250203LIV
Exemplaires
Estatus retirado Estado de daño Estado de pérdida Fecha de adquisición Biblioteca de origen Biblioteca actual Ubicación en estantería Código de barras Precio de reemplazo Signatura topográfica completa No para préstamo Tipo de ítem Koha Nota pública Nota no pública
      05/08/2025 Casa México Paris Casa México Paris   012323 05/08/2025 080 S479 V.24   Livre 20250203LIV 751145101